000
00250nam a2200097Ia 4500
001
1125937
005
20250827004808.0
008
250824s9999 xx 000 0 und d
245
0
_a
ESİR ŞEHRİN İNSANLARI
_c
KEMAL TAHİR
260
_b
KETEBE YAYINLARI
999
_c
1125937
_d
1125937